| 000 | 00357nam a22001337a 4500 | ||
|---|---|---|---|
| 082 |
_a355 _bPOR |
||
| 100 |
_aPortway, Donald _949212 |
||
| 245 | _aMilitary science today. | ||
| 260 |
_aLondon, New York, Toronto _bOxford university press. |
||
| 300 |
_a157 p. _bill. |
||
| 526 |
_a0 _b0 _c0 _d355_000000000000000_POR |
||
| 650 |
_aMCE _9379 |
||
| 942 |
_2ddc _cBK |
||
| 999 |
_c552025 _d552025 |
||